Pays le plus à l'ouest par catégorie - Statistiques

Statistiques générales
  • Ce quiz a été pris 122 fois
  • Le résultat moyen est 8 sur 20
Statistiques - réponses
Le pays le plus à l'ouest qui... Longitude Réponse % Correct
a plus de 50 millions d'habitants 179.1 °O États-Unis
97%
n'a pas accès à la mer 69.7 °O Bolivie
58%
fait partie du Commonwealth 141.0 °O Canada
58%
commence par un V 73.3 °O Venezuela
58%
est voisin de l'Allemagne 5.2 °O France
55%
est situé sur le continent africain 17.5 °O Sénégal
50%
est traversé par l'Amazone 81.7 °O Colombie
48%
est membre de l'Union Européenne 10.5 °O Irlande
48%
a le néerlandais pour langue officielle 58.1 °O Suriname
44%
est traversé par le Tropique du Capricorne 109.5 °O Chili
42%
a 4 lettres dans son nom 85.0 °O Cuba
42%
est traversé par le Méridien de Greenwich 9.3 °O Espagne
32%
n'a pas de rouge sur son drapeau 90.3° O Salvador
24%
est en Asie (selon JetPunk) 25.7 °E Turquie
23%
borde l'Océan Indien 16.5 °E Afrique du Sud
15%
contient la lettre W 20.0 °E Botswana
14%
a fait partie de l'URSS 19.5 °E Russie
13%
est de culture slave 12.1 °E Tchéquie
13%
est une nation insulaire 175.6 °O Tonga
12%
est entièrement situé dans l'hémisphère Est 0.1 ° E Niger
7%
Aucun quiz correspondant
Distribution des résultats
% des personnes avec chaque résultat
Percentile par nombre de réponses
Votre historique - résultats
Vous n’avez pas pris ce quiz